[Event "April 1800+"]
[Site "SchemingMind.com"]
[Date "2015.05.12"]
[Round "-"]
[White "Greg Magne"]
[Black "Glenn O'Brien"]
[Result "0-1"]
[WhiteCountry "CAN"]
[BlackCountry "AUS"]
[WhiteElo "1840"]
[WhiteRD "70"]
[BlackElo "2104"]
[BlackRD "75"]
[GameID "379791"]

1. e4 e5 2. Nf3 Nc6 3. Bb5 a6 4. Ba4 Nf6 5. O-O Be7 6. Re1 b5 7. Bb3 O-O 8. c3 d6 9. d4 Na5 10. Bc2 Bg4
11. Nbd2 c5 12. Nf1 Qc7 13. Ne3 Bxf3 14. Qxf3 cxd4 15. cxd4 exd4 16. Nf5 Qxc2 17. Nxe7+ Kh8 18. Nf5 d3 19. Bg5 d2 20. Red1 Nxe4
21. Be3 Nc4 22. Bd4 f6 23. Qg4 g6 24. Nh6 Qd3
0-1

[Event "April 1800+"]
[Site "SchemingMind.com"]
[Date "2015.05.12"]
[Round "-"]
[White "Glenn O'Brien"]
[Black "Greg Magne"]
[Result "1-0"]
[WhiteCountry "AUS"]
[BlackCountry "CAN"]
[WhiteElo "2104"]
[WhiteRD "75"]
[BlackElo "1840"]
[BlackRD "70"]
[GameID "379792"]

1. e4 Nf6 2. e5 Nd5 3. d4 d6 4. Nf3 Bg4 5. Be2 g6 6. O-O Bg7 7. Ng5 Bxe2 8. Qxe2 O-O 9. e6 f6 10. Nf3 Qc8
11. c4 Nb6 12. Nc3 Nc6 13. c5 dxc5 14. dxc5 Nd7 15. exd7 Qxd7 16. Rd1 Qf5 17. Nd5 e5 18. Nxc7 Rad8 19. Qc4+ Kh8 20. Be3 Qh5
21. Ne6 Rxd1+ 22. Rxd1
1-0

[Event "April 1800+"]
[Site "SchemingMind.com"]
[Date "2015.05.12"]
[Round "-"]
[White "Glenn O'Brien"]
[Black "John Hamer"]
[Result "0-1"]
[WhiteCountry "AUS"]
[BlackCountry "ENG"]
[WhiteElo "2053"]
[WhiteRD "70"]
[BlackElo "2033"]
[BlackRD "62"]
[GameID "379793"]

1. e4 e5 2. Nf3 Nc6 3. Bb5 a6 4. Ba4 f5 5. d4 exd4 6. e5 Bc5 7. O-O Nge7 8. c3 dxc3 9. Nxc3 O-O 10. Bg5 h6
11. Bb3+ Kh7 12. Bxe7 Bxe7 13. Re1 Bc5 14. Rc1 b6 15. Qd5 Bb7 16. Rcd1 d6 17. e6 Qe7 18. Qd2 Na5 19. Nd5 Nxb3 20. axb3 Bxd5
21. Qxd5 Rae8 22. Re2 Rf6 23. Rde1 Bb4 24. Ra1 Rxe6 25. Qxf5+ Kg8 26. Qxe6+ Qxe6 27. Rxe6 Rxe6 28. Kf1 a5 29. Rd1 Re4 30. Nd4 Bc5
31. Nc6 Kf7 32. Rc1 Ke6 33. Rc2 Kd5 34. Nb8 c6 35. Na6 Bb4 36. Nc7+ Ke5 37. f3 Re3 38. Rxc6 Bc5 39. b4 axb4 40. Ne8 Rb3
41. Rc7 Rxb2 42. Re7+ Kd4 43. Nxg7 Kd3 44. g3 Rf2+
0-1

[Event "April 1800+"]
[Site "SchemingMind.com"]
[Date "2015.05.13"]
[Round "-"]
[White "John Hamer"]
[Black "Glenn O'Brien"]
[Result "1-0"]
[WhiteCountry "ENG"]
[BlackCountry "AUS"]
[WhiteElo "2033"]
[WhiteRD "62"]
[BlackElo "2053"]
[BlackRD "70"]
[GameID "379794"]

1. d4 Nf6 2. Nf3 g6 3. c4 Bg7 4. Bf4 d6 5. Nc3 O-O 6. e4 Nbd7 7. Be2 c5 8. d5 a6 9. O-O Nh5 10. Be3 Nhf6
11. Qb3 h6 12. Rfd1 b6 13. Bf4 Ng4 14. h3 Nge5 15. Nd2 f5 16. exf5 gxf5 17. Re1 Nf6 18. Rad1 Bd7 19. Qc2 b5 20. cxb5 axb5
21. Bxb5 Bxb5 22. Nxb5 Nxd5 23. Qb3 e6 24. Bxe5 dxe5 25. Nc4 Qb8 26. Ne3 Nf4 27. Rd2 Ra5 28. a4 Qa8 29. Ra1 Rb8 30. Ra3 Bf8
31. Qc4 h5 32. Kh2 Qc6 33. g3 Nxh3 34. Rd6 Qb7 35. Qxe6+ Qf7 36. Kxh3 Bxd6 37. Qxd6 Re8 38. Nd5 Rf8 39. Ne7+ Kh7 40. Ng6 Rg8
41. Nxe5 Qb7 42. Qd1 Ra6 43. Rd3 Qe4 44. Nc7 Rh6 45. Rd7+ Rg7 46. Ne8 Qxe5 47. Nxg7 Kh8 48. f4 Qe4 49. Nxh5 Qc6 50. Rd8+ Kh7
51. a5 Re6 52. Rd7+ Kg8 53. a6
1-0

[Event "April 1800+"]
[Site "SchemingMind.com"]
[Date "2015.05.13"]
[Round "-"]
[White "Glenn O'Brien"]
[Black "Karsten Kjeldsen"]
[Result "1/2-1/2"]
[WhiteCountry "AUS"]
[BlackCountry "DEN"]
[WhiteElo "2104"]
[WhiteRD "75"]
[BlackElo "2286"]
[BlackRD "80"]
[GameID "379795"]

1. e4 c5 2. Nf3 d6 3. d4 cxd4 4. Nxd4 Nf6 5. Nc3 a6 6. Bg5 e6 7. f4 Qb6 8. Qd2 Qxb2 9. Rb1 Qa3 10. e5 dxe5
11. fxe5 h6 12. Bh4 Nd5 13. Nxd5 exd5 14. e6 Bxe6 15. Nxe6 fxe6 16. Bd3 Be7 17. Bg6+ Kd8 18. Bxe7+ Qxe7 19. O-O Nd7 20. Rf7 Qc5+
21. Kh1 Rf8 22. Rxg7 Rf6 23. Rg8+ Rf8 24. Rg7 Rf6=
1/2-1/2

[Event "April 1800+"]
[Site "SchemingMind.com"]
[Date "2015.05.14"]
[Round "-"]
[White "Karsten Kjeldsen"]
[Black "Glenn O'Brien"]
[Result "1-0"]
[WhiteCountry "DEN"]
[BlackCountry "AUS"]
[WhiteElo "2298"]
[WhiteRD "80"]
[BlackElo "2053"]
[BlackRD "70"]
[GameID "379796"]

1. b3 e5 2. Bb2 Nc6 3. e3 Nf6 4. Bb5 d6 5. Ne2 Bd7 6. O-O Be7 7. d4 exd4 8. Nxd4 Nxd4 9. Bxd7+ Qxd7 10. Qxd4 d5
11. Nd2 c5 12. Qd3 O-O 13. e4 Rad8 14. e5 Nh5 15. f4 f6 16. e6 Qxe6 17. Rae1 Qf7 18. g4 c4 19. Qf3 Bb4 20. c3 Nxf4
21. Qxf4 Bd6 22. Qf5 b5 23. Nf3 cxb3 24. axb3 Bc5+ 25. Kh1 b4 26. cxb4 Bxb4 27. Re6 Qb7 28. Nd4 Rc8 29. Rc6 Rcd8 30. Rfc1 Bd2
31. Rc7 Qa8 32. Rxg7+ Kxg7 33. Rc7+
1-0

[Event "April 1800+"]
[Site "SchemingMind.com"]
[Date "2015.05.12"]
[Round "-"]
[White "Glenn O'Brien"]
[Black "Stephen Woodhouse"]
[Result "1-0"]
[WhiteCountry "AUS"]
[BlackCountry "ENG"]
[WhiteElo "2100"]
[WhiteRD "76"]
[BlackElo "1879"]
[BlackRD "50"]
[GameID "379797"]

1. e4 e6 2. d4 d5 3. Nc3 Nf6 4. Bg5 dxe4 5. Nxe4 Be7 6. Bxf6 Bxf6 7. Nf3 O-O 8. Qd2 b6 9. O-O-O Bb7 10. Bd3 Nd7
11. h4 Be7 12. Qe2 c5 13. dxc5 Qc7 14. Neg5 h6 15. Nxe6 fxe6 16. Qxe6+ Kh8 17. Qxe7 Rad8 18. Bb5 Qxc5 19. Rxd7
1-0

[Event "April 1800+"]
[Site "SchemingMind.com"]
[Date "2015.05.13"]
[Round "-"]
[White "Stephen Woodhouse"]
[Black "Glenn O'Brien"]
[Result "0-1"]
[WhiteCountry "ENG"]
[BlackCountry "AUS"]
[WhiteElo "1879"]
[WhiteRD "50"]
[BlackElo "2100"]
[BlackRD "76"]
[GameID "379798"]

1. e4 e5 2. Nf3 Nc6 3. d4 exd4 4. Nxd4 Bc5 5. Be3 Qf6 6. c3 Nge7 7. Bc4 Ne5 8. Be2 Qg6 9. Nd2 Qxg2 10. Bf3 Nxf3+
0-1

[Event "April 1800+"]
[Site "SchemingMind.com"]
[Date "2015.05.12"]
[Round "-"]
[White "Glenn O'Brien"]
[Black "frankly"]
[Result "0-1"]
[WhiteCountry "AUS"]
[BlackCountry "ENG"]
[WhiteElo "2104"]
[WhiteRD "75"]
[BlackElo "2425"]
[BlackRD "59"]
[GameID "379799"]

1. e4 c5 2. Nf3 Nc6 3. d4 cxd4 4. Nxd4 e5 5. Nb5 d6 6. N1c3 a6 7. Na3 b5 8. Nd5 Nf6 9. Bg5 Be7 10. Bxf6 Bxf6
11. c3 Bg5 12. Nc2 Rb8 13. a4 bxa4 14. Ncb4 Bd7 15. Bxa6 Nxb4 16. Nxb4 Qa5 17. Qxd6 Rb6 18. Qd3 Be7 19. Nd5 Rxb2 20. O-O Qc5
21. Rab1 Rxb1 22. Rxb1 O-O 23. Bb5 Bxb5 24. Rxb5 Qa7 25. Qe3 Qd7 26. Ra5 Rb8 27. Nxe7+ Qxe7 28. g3 Qd8 29. Qa7 h6 30. Kg2 Rc8
31. Rxa4 Rxc3 32. Qa5 Qd3 33. Qxe5 Qf3+ 34. Kh3 Qxf2 35. Ra8+ Kh7 36. Rh8+ Kxh8 37. Qxc3 Qf1+ 38. Kh4 Kh7 39. Qc2 f6 40. e5+ f5
41. Qc7 Qg2 42. h3 Qe4+ 43. Kh5 Qe3 44. Qe7 Qxg3 45. e6 Qxh3+ 46. Qh4 g6#
0-1

[Event "April 1800+"]
[Site "SchemingMind.com"]
[Date "2015.05.13"]
[Round "-"]
[White "frankly"]
[Black "Glenn O'Brien"]
[Result "1-0"]
[WhiteCountry "ENG"]
[BlackCountry "AUS"]
[WhiteElo "2425"]
[WhiteRD "59"]
[BlackElo "2104"]
[BlackRD "75"]
[GameID "379800"]

1. d4 Nf6 2. Nf3 g6 3. c4 Bg7 4. Nc3 O-O 5. e4 d6 6. h3 e5 7. d5 a5 8. Bg5 Na6 9. Bd3 Nc5 10. O-O h6
11. Be3 b6 12. Bc2 Kh7 13. a3 Ba6 14. Qe2 Bc8 15. b4 Nb7 16. Rac1 g5 17. Nh2 axb4 18. axb4 Bd7 19. Nb5 c5 20. dxc6 Bxc6
21. Nc3 Qc7 22. Ng4 Nxg4 23. Qxg4 Ra3 24. Nd5 Bxd5 25. cxd5 Nd8 26. Qe2 Ra8 27. Qb5 Rb8 28. Bd1 Qb7 29. Bg4 Kg8 30. Ra1 f6
31. Ra6 Nf7 32. Rc1 Ra8 33. Rxb6 Qa7 34. Rb7 Qa4 35. Qxa4 Rxa4 36. Be6 Bh8 37. Rcc7 Kh7 38. Bxf7 Ra1+ 39. Kh2
1-0

[Event "April 1800+"]
[Site "SchemingMind.com"]
[Date "2015.05.12"]
[Round "-"]
[White "Glenn O'Brien"]
[Black "William Lindberg"]
[Result "0-1"]
[WhiteCountry "AUS"]
[BlackCountry "USA"]
[WhiteElo "2104"]
[WhiteRD "75"]
[BlackElo "2250"]
[BlackRD "66"]
[GameID "379801"]

1. e4 e5 2. Nf3 Nc6 3. Bb5 Nf6 4. O-O Be7 5. Re1 d6 6. d4 exd4 7. Nxd4 Bd7 8. Nc3 Nxd4 9. Qxd4 Bxb5 10. Nxb5 O-O
11. Bf4 Nh5 12. Be3 c6 13. Nc3 Bf6 14. Qb4 Qc7 15. Rad1 Be5 16. Ne2 a5 17. Qb3 g6 18. g4 Ng7 19. f4 Bf6 20. g5 a4
21. Qc4 Bxb2 22. Qb4 a3 23. Qxd6 Qa5 24. Qd2 Qa4 25. Qd3 Ne6 26. e5 Rad8 27. Qb3 Qe4 28. Kf2 Qf5 29. Rxd8 Rxd8 30. h4 Qh3
31. Qxb7 Bd4 32. Nxd4 Nxd4 33. Bxd4 Rxd4 34. Qa8+ Kg7
0-1

[Event "April 1800+"]
[Site "SchemingMind.com"]
[Date "2015.05.13"]
[Round "-"]
[White "William Lindberg"]
[Black "Glenn O'Brien"]
[Result "1-0"]
[WhiteCountry "USA"]
[BlackCountry "AUS"]
[WhiteElo "2209"]
[WhiteRD "65"]
[BlackElo "2053"]
[BlackRD "70"]
[GameID "379802"]

1. c4 e5 2. Nc3 Nf6 3. e3 Nc6 4. Nf3 Bb4 5. Qc2 O-O 6. Bd3 Bxc3 7. dxc3 d6 8. O-O Qe7 9. Nd2 Nd8 10. b3 Ne6
11. Ba3 g6 12. Nf3 Ng7 13. e4 Ne6 14. Nxe5 Nf4 15. Nf3 Nxd3 16. Qxd3 Qxe4 17. Qxe4 Nxe4 18. Rfe1 f5 19. Nd4 Nxc3 20. f3 b5
21. Bb2 b4 22. a3 c5 23. Nc2 a5 24. axb4 cxb4 25. Nxb4 Rb8 26. Bxc3 axb4 27. Bd2 f4 28. Ra7 Rb7 29. Rxb7 Bxb7 30. Bxb4 Rd8
31. Bd2 g5 32. h4 d5 33. c5 gxh4 34. b4 d4 35. b5 Bd5 36. c6 Rc8 37. Re7 Bxc6 38. bxc6 Rxc6 39. Rd7 d3 40. Rxd3 Rc4
41. Rd7 h6 42. Kh2 Kf8 43. Rh7 Rd4 44. Bc3 Rd3 45. Bb4+ Kg8 46. Rxh6 Rd4 47. Bc3 Rc4 48. Be5 Rc2 49. Rxh4 Kf7 50. Bxf4 Ke6
51. Kh3 Rf2 52. Be3 Rf1 53. Re4+ Kd5 54. Kg4 Rh1 55. Kf4 Rh6 56. g4 Rf6+ 57. Kg3 Rg6 58. g5 Rg7 59. Kg4 Rg8 60. Bd4 Rg6
61. Kf5 Rg8 62. Bf6
1-0